000 00954nmc a2200337 a 4500
003 AR-BaBNM
005 20251128202736.0
008 157019s1992 ||||||||||||||000 | spa||
020 _a84-7100-335-X
040 _cAR-BaBNM
100 1 _aO'Donell, Hugo
245 1 0 _aEspaña en el descubrimiento, conquista y defensa del mar del sur
250 _a1ª ed.
260 _aMadrid
_bMapfre
_c1992
300 _a291 p.
_bil., láms.
490 0 _aMar y américa
_vv. 6
500 _aApéndices para consultar p. 275-279.
650 4 _aNAVEGACION MARITIMA
650 4 _aTRANSPORTE MARITIMO
650 4 _aPERIODO HISPANICO
650 4 _aHISTORIA POLITICA
650 4 _aHISTORIA MILITAR
650 4 _aHISTORIA ECONOMICA
650 4 _aCOMERCIO
651 4 _aPaíses Bajos
651 4 _aReino Unido
800 1 _aGallego, José Andrés
_ecoordinador
800 1 _aBordejé Morencós, Fernando de
_edirector
942 _cBK
998 _cmariana
999 _c355
_d355